000 00626nam a2200229 i 4500
001 C2-0268476
003 PPAK
005 20180727235401.0
008 060808s2004 nyua|||| ||||| | eng d
020 _a0071437320
040 _aPPAK
_beng
_cPPAK
_erda
082 0 4 _a650.14
_223
090 0 0 _a650.14
_bBIG
_dR
245 0 4 _aThe big book of jobs
264 1 _aNew York :
_bVGM Career Books ,
_c2004
300 _a696 pages :
_billustrations ;
_c28 cm
336 _2rdacontent
_atext
337 _2rdamedia
_aunmediated
338 _2rdacarrier
_avolume
650 1 0 _aJob hunting - Handbooks, manual, etc.
942 _ddc
_cB
999 _c77275
_d77275